logo

Bir Sreshtho Munshi Abdur Rouf Library
Jhenaidah Cadet College

The merchant of Venice / (Record no. 11572)

MARC details
000 -LEADER
fixed length control field 00996cam a2200337 a 4500
001 - CONTROL NUMBER
control field 11572
003 - CONTROL NUMBER IDENTIFIER
control field BDJhCC
005 - DATE AND TIME OF LATEST TRANSACTION
control field 20200331134008.0
008 - FIXED-LENGTH DATA ELEMENTS--GENERAL INFORMATION
fixed length control field 200330s19942016enk b 000 0 eng
020 ## - INTERNATIONAL STANDARD BOOK NUMBER
International Standard Book Number 9780143427155
Terms of availability �35.00
035 ## - SYSTEM CONTROL NUMBER
System control number (BDJhCC)11572
040 ## - CATALOGING SOURCE
Original cataloging agency DLC
Transcribing agency DLC
Modifying agency BTS
-- UKM
-- MYG
-- BDJhCC
049 ## - LOCAL HOLDINGS (OCLC)
Holding library MYGG
050 00 - LIBRARY OF CONGRESS CALL NUMBER
Classification number PR2825.A2
Item number H34 1993
082 ## - DEWEY DECIMAL CLASSIFICATION NUMBER
Classification number 822.33
Item number SHA 1994
090 ## - LOCALLY ASSIGNED LC-TYPE CALL NUMBER (OCLC); LOCAL CALL NUMBER (RLIN)
Classification number (OCLC) (R) ; Classification number, CALL (RLIN) (NR) PR2754.O9
Local cutter number (OCLC) ; Book number/undivided call number, CALL (RLIN) M46 1993
099 ## - LOCAL FREE-TEXT CALL NUMBER (OCLC)
Classification number PR2754.O9.M46 1993
100 1# - MAIN ENTRY--PERSONAL NAME
Personal name Shakespeare, William,
Dates associated with a name 1564-1616.
245 14 - TITLE STATEMENT
Title The merchant of Venice /
Statement of responsibility, etc. William Shakespeare
260 ## - PUBLICATION, DISTRIBUTION, ETC.
Place of publication, distribution, etc. USA :
Name of publisher, distributor, etc. Penguin Books,
Date of publication, distribution, etc. 1994.
300 ## - PHYSICAL DESCRIPTION
Extent 121 p. :
Dimensions 20 cm.
336 ## - CONTENT TYPE
Content type term text
Content type code txt
Source rdacontent
337 ## - MEDIA TYPE
Media type term unmediated
Media type code n
Source rdamedia
338 ## - CARRIER TYPE
Carrier type term volume
Carrier type code nc
Source rdacarrier
440 ## - SERIES STATEMENT/ADDED ENTRY--TITLE
Title Penguin Popular Classics
504 ## - BIBLIOGRAPHY, ETC. NOTE
Bibliography, etc. note includes Glossary
650 ## - SUBJECT ADDED ENTRY--TOPICAL TERM
Topical term or geographic name entry element English drama
800 1# - SERIES ADDED ENTRY--PERSONAL NAME
Personal name Shakespeare, William,
Dates associated with a name 1564-1616.
Title of a work Works.
Date of a work 1982.
942 ## - ADDED ENTRY ELEMENTS (KOHA)
Source of classification or shelving scheme Dewey Decimal Classification
Koha item type Books
Koha issues (borrowed), all copies 2
949 ## - LOCAL PROCESSING INFORMATION (OCLC)
a MYGH
b 39080008631563
Holdings
Withdrawn status Lost status Source of classification or shelving scheme Damaged status Not for loan Home library Current library Shelving location Date acquired Total Checkouts Full call number Barcode Date last seen Date last checked out Copy number Price effective from Koha item type
    Dewey Decimal Classification     JCC Rouf Library JCC Rouf Library General Stacks 03/30/2020 1 822.33 SHA 1994 15908 04/26/2020 03/30/2020 C-1 03/30/2020 Books

JCC Library | Contacts | JCC Home

Last Update on 23 September 2017
Copyright @ 2017-2020 JCC Rouf Library
Rouf Library, Jhenidah Cadet College (JCC), Bangladesh